Online Catalogue and eLibrary

Haththawe kolaniya (Record no. 4928)

MARC details
000 -LEADER
fixed length control field 00400nam a2200157Ia 4500
005 - DATE AND TIME OF LATEST TRANSACTION
control field 20250310060144.0
008 - FIXED-LENGTH DATA ELEMENTS--GENERAL INFORMATION
fixed length control field 240331s9999 xx 000 0 und d
020 ## - INTERNATIONAL STANDARD BOOK NUMBER
ISBN 9555570043
082 ## - DDC Classification
Item Number - Author Mark ARI
Class No. 894
100 ## - MAIN ENTRY--PERSONAL NAME
Personal name Ariyaratne,S
245 #0 - TITLE STATEMENT
Title Haththawe kolaniya
260 ## - PUBLICATION, DISTRIBUTION, ETC.
Place of publication, distribution, etc. Nugegoda
Name of publisher, distributor, etc. Piyavi Book Publishers
Date of publication, distribution, etc. 1987
300 ## - PHYSICAL DESCRIPTION
Extent (e.g. Volumes, Pages etc.) 270 p ., ( v 1 )
500 ## - GENERAL NOTE
General note A novel about 70s Colonial
942 ## - Koha item type (Biblio)
Koha item type Books in Stacks (Lending)
Holdings
Lost status Damaged status Collection code Home library Current library Shelving location Date acquired Full call number Accession Number Item type
    Lending WERC Library WERC Library Social Science Cupboard 03/31/2024 891.48 ARI 1457 Books in Stacks (Lending)

© WERC Library